Llwytho...
Text book on fungi
| Prif Awdur: | |
|---|---|
| Awduron Eraill: | |
| Fformat: | Printed Book |
| Cyhoeddwyd: |
New Delhi
Kalyani publishers
2012
|
| Pynciau: |
| LEADER | 00682nam a22002297a 4500 | ||
|---|---|---|---|
| 003 | OSt | ||
| 020 | |a 9789327219807 | ||
| 082 | |a 579.6 |b RAM/TE | ||
| 100 | |a Ram Krushna Kar | ||
| 245 | |a Text book on fungi | ||
| 260 | |a New Delhi |b Kalyani publishers |c 2012 | ||
| 300 | |a 408p. | ||
| 546 | |a English | ||
| 650 | |a Fungal systematic | ||
| 650 | |a Slime moulds | ||
| 650 | |a Saprolegniales | ||
| 650 | |a Chytridiomycota | ||
| 650 | |a Peronosporales | ||
| 700 | |a Nihar Manjari Misra | ||
| 942 | |2 ddc |c BK | ||
| 999 | |c 157354 |d 157354 | ||
| 952 | |0 0 |1 0 |2 ddc |4 0 |6 579_600000000000000_RAMTE |7 0 |8 Gen |9 156810 |a KAUCLV |b KAUCLV |c GENERAL |d 2017-08-01 |g 195.00 |o 579.6 RAM/TE |p 227328 |r 2017-08-01 |w 2017-08-01 |y BK | ||